Словарь английских терминов по кристаллогении

Detaylı Bibliyografya
Diğer Yazarlar: Трейвус Е. Б. (составитель)
Dil:İngilizce
Rusça
Baskı/Yayın Bilgisi: СПб., Изд-во СПбГУ, 1999
Konular:
Materyal Türü: Kitap
KOHA link:https://koha.lib.tpu.ru/cgi-bin/koha/opac-detail.pl?biblionumber=25256

MARC

LEADER 00000nam0a2200000 4500
001 25256
005 20231101205646.0
010 |a 5288023190 
035 |a (RuTPU)RU\TPU\book\25492 
035 |a BOOK00025567 
090 |a 25256 
100 |a 20011209d1999 k y0rusy50 ca 
101 0 |a eng  |a rus 
102 |a RU 
105 |a y e 000zy 
200 1 |a Словарь английских терминов по кристаллогении  |f сост. Е. Б. Трейвус 
210 |a СПб.  |c Изд-во СПбГУ  |d 1999 
215 |a 168 с. 
606 1 |a Кристаллография  |2 stltpush  |3 (RuTPU)RU\TPU\subj\16322  |9 42433 
610 1 |a английский язык 
610 1 |a словари 
610 1 |a терминологические словари 
610 1 |a кристаллогения 
675 |a 548(031)  |v 3 
686 |a Ш143.21-43  |v LBC/SL-A  |2 rubbk 
702 1 |a Трейвус  |b Е. Б.  |4 220 
801 0 |a RU  |b 63413507  |c 20011209  |g PSBO 
801 2 |a RU  |b 63413507  |c 20190911  |g PSBO 
942 |c BK